000 00656nam a2200229Ia 4500
003 GCL
008 140319s9999 xx 000 0 ara d
020 _a?020314977
040 _aGCL /
_cGCL
082 0 4 _a819.9
_bع ا
100 1 _aعباس محمود العقاد
245 1 0 _aالله /
_cعباس محمود العقاد
250 _aالأولى
260 _aالقاهرة :
_bنهضة مصر للطباعة والنشر والتوزيع ،
_c1994
300 _a190 ص ؛
_c24 سم
490 _a
650 0 4 _aالفلسفة
650 0 4 _aالله
650 0 4 _aالتوحيد
650 0 4 _aالكلام - علم
942 _2ddc
_cBK
999 _c41639
_d41639